000 00459nam a2200181Ia 4500
005 20240823042137.0
008 240823s9999||||xx |||||||||||||| ||und||
041 _aENGLISH
082 _A621.3 N0
100 _aMarimuthu P
245 0 _aBasic Electrical and Electronics Engineering
250 _a2nd
260 _c1990
_b"Pratheeba,Coimbatore"
500 _aTRANSFERED
650 _aElectrical Engineering
_bElectrical
942 _cBK
999 _c207174
_d207174